Movies Quiz

Random Movies or Famous Quiz

Ad-libs Made Famous II Quiz Stats

 Plays Quiz Updated Aug 3, 2013

Support Sporcle.
Go Orange.
Score 0/20 Timer 06:00
0 Plays Today
Ad-libbed Quote Movie Title % Correct
I’ll be back.The Terminator
97.4%
I'll have what she's having.When Harry Met Sally
78.4%
Jack! This is where we first met.Titanic
50.3%
…These go to eleven.This Is Spinal Tap
49.6%
Anyone know what this is? Class? Anyone? Anyone?Ferris Bueller's Day Off
47.1%
(-I love you.)
I know.
Star Wars: Episode V - The Empire Strikes Back
35.2%
(*talking into a severed ear*)
Hey what's goin' on?
Can you hear that?
Reservoir Dogs
29.6%
You know how I know you're gay? (-How?) You like Coldplay.The 40 Year Old Virgin
27.9%
There are some who call me... Tim.Monty Python and the Holy Grail
23.7%
That's it, man! Game over, man! Game over!Aliens
20.9%
Ad-libbed Quote Movie Title % Correct
You know what's remarkable? Is how much England looks in no way like Southern California.Austin Powers: The Spy Who Shagged Me
12.8%
What do they call you? 'Wheels'?X-Men
12.7%
Wait a minute, wait a minute, you ain't heard nothin' yet!The Jazz Singer
12.2%
I mean, picture a girl who just took a nosedive from the
ugly tree and hit every branch coming down.
Saving Private Ryan
9.4%
I have come here to chew bubblegum and kick ass...
and I'm all out of bubblegum.
They Live!
9.4%
Naked blonde walks into a bar with a poodle under one arm, and a two-foot salami under the other.The Breakfast Club
8.2%
(-So what country do you want to go to?)
Wyoming.
Dog Day Afternoon
3.1%
Achilles, heel.The Hunchback of Notre Dame
2.7%
Faster! Faster! Faster would be better! Serenity
1.8%
I need more cowbell!Déjà vu
0.6%

You're not logged in!

Compare scores with friends on all Sporcle quizzes.
OR
Log In

From the Vault

Click That Hat

by chaosBEE

Hats off to you if you know all these.
Remove Ads.
Support Sporcle.
Get the best of Sporcle when you Go Orange. This ad-free experience offers more features, more stats, and more fun while also helping to support Sporcle. Thank you for becoming a member.

Show Comments

Extras

Top Quizzes Today


Score Distribution

Your Account Isn't Verified!

In order to create a playlist on Sporcle, you need to verify the email address you used during registration. Go to your Sporcle Settings to finish the process.

Report this User

Report this user for behavior that violates our Community Guidelines.

Details: